Chaîne de résolution de mots amusante - Statistiques

Statistiques générales
  • Ce quiz a été pris 903 fois
  • Le résultat moyen est 6 sur 18
Statistiques - réponses
Hint Réponse % Correct
Pays (Vérifiez la carte postale) Russie
97%
Son capital en anglais Moscow
80%
Sortez les trois premières lettres Cow
73%
Ce mot en français Vache
72%
Pays avec le plus de cela Inde
66%
Religion la plus répandue dans ce pays Hindouisme
57%
Son nombre sacré 108
35%
Animal au milieu du drapeau Aigle
29%
Nombre d'étoiles dans ce drapeau Un
18%
Couleur de l'animal au milieu Rouge
12%
Pays limitrophe à l'Est de ce pays Egypte
11%
Ce nombre représente la position des pays les plus peuplés du monde(Selon Worldometers) Libye
11%
Espèce la plus commune de cet animal en anglais Bald
8%
Remplacez sa dernière lettre par la lettre 'e' Bale
8%
La ville où il est né Cardiff
6%
Il y a un footballeur avec ce nom. Quel est son prénom? Gareth
6%
Pays avec le plus de cette couleur dans son drapeau Maroc
6%
Au-dessus se trouve la capitale de ? Pays de Galles
5%
Aucun quiz correspondant
Distribution des résultats
% des personnes avec chaque résultat
Percentile par nombre de réponses
Votre historique - résultats
Vous n’avez pas pris ce quiz